000
00302nam a2200133Ia 4500
100
_a
Kruse/ Robert L.
942
_c
BK
654
_a
datastructures
245
_a
Datastructures and program design in C
260
_b
Prentice Hall
_c
2002
082
_a
5.73
_b
KRU
300
_a
671
546
_a
ENGLISH
999
_c
25435
_d
25435